Elementary statistics for effective library and information service management. (Record no. 101353)

MARC details
000 -LEADER
fixed length control field 00700cam a2200217 4500
008 - FIXED-LENGTH DATA ELEMENTS--GENERAL INFORMATION
fixed length control field 000000n2001 000 0 eng u
020 ## - INTERNATIONAL STANDARD BOOK NUMBER
International Standard Book Number 0851424511
035 ## - SYSTEM CONTROL NUMBER
System control number (Sirsi) u112056
050 ## - LIBRARY OF CONGRESS CALL NUMBER
Classification number 026.60212
100 ## - MAIN ENTRY--PERSONAL NAME
Personal name Egghe, Leo
245 ## - TITLE STATEMENT
Title Elementary statistics for effective library and information service management.
260 ## - PUBLICATION, DISTRIBUTION, ETC.
Place of publication, distribution, etc. London
Name of publisher, distributor, etc. Aslib
Date of publication, distribution, etc. 2001
300 ## - PHYSICAL DESCRIPTION
Extent iv,120p. ; 24cm.
350 ## - PRICE (NR) (BK AM CF MU VM SE) [OBSOLETE]
Price 24.99
520 ## - SUMMARY, ETC.
Summary, etc. Describes how to use statistical data to produce professional reports on library activities.
650 ## - SUBJECT ADDED ENTRY--TOPICAL TERM
Topical term or geographic name entry element LIBRARIES
650 ## - SUBJECT ADDED ENTRY--TOPICAL TERM
Topical term or geographic name entry element LIBRARY MANAGEMENT
690 ## - LOCAL SUBJECT ADDED ENTRY--TOPICAL TERM (OCLC, RLIN)
Topical term or geographic name as entry element MANAGEMENT-BUSINESS MANAGEMENT-INFORMATION MANAGEMENT
700 ## - ADDED ENTRY--PERSONAL NAME
Personal name Rousseau, Ronald
942 ## - ADDED ENTRY ELEMENTS (KOHA)
Suppress in OPAC 0
Holdings
Withdrawn status Lost status Source of classification or shelving scheme Damaged status Not for loan Home library Current library Shelving location Date acquired Cost, normal purchase price Total Checkouts Full call number Barcode Date last seen Copy number Cost, replacement price Price effective from Koha item type
    Dewey Decimal Classification     London London Books 03/07/2001 24.99   026.60212 EGG 30064540 06/08/2019 1 24.99 06/08/2019 Book